Quizzes
Events
Quiz Creation
Community
Videos
Private Events
Remove Ads
Sign In
Join for FREE
Feedback
Dark Mode
Quiz Categories
Sports
Geography
Music
Movies
Television
Just For Fun
Miscellaneous
History
Literature
Language
Science
Gaming
Entertainment
Religion
Holiday
For Kids
Quiz Lab
Recent
Popular Today
Quiz Kudos Today
Editor Picks
Curator Picks
Quizzes by...
Day
Popularity
Type
Ratings
Length
Year
Community
Subscriptions
Recent Discussions
Orange Saloon
Badges
Playlists
Quests
Create
Leaderboards
Showdown
Live 5
Trivia Bingo
Activity
Puzzle Library
Sporcle Events
Private Events
Virtual Trivia
Globe League
Become a Host
Pub Owners
SporcleCon
Opinionation
Our Games
Videos
Blog
Mobile Apps
Partnerships
Remove Ads and Go Orange
Feedback
Sports
Athletes
MLB
NBA
NHL
NFL
Soccer
Sports Teams
WWE
NCAA
Football
Premier League
Basketball
Baseball
Hockey
Golf
Tennis
Cricket
Rugby
Auto Racing
Olympics
World Cup
Sports
Athletes
MLB
NBA
NHL
NFL
Soccer
Sports Teams
WWE
NCAA
Football
Premier League
Basketball
Baseball
Hockey
Golf
Tennis
Cricket
Rugby
Auto Racing
Olympics
World Cup
Random Quiz
Search Sporcle
×
Quiz Lab
Quiz Lab
Sports
NFL
Type in answers that appear in a list
Type in answers that appear in a list
Classic
Best Score? Go Orange.
2011-12 Detroit Lions Roster Stats
Can you name the 2011-12 Detroit Lions 53 man roster?
By
j_nasty_3000
10m
53 Questions
397 Plays
397 Plays
397 Plays
Comments
Comments
Give Quiz Kudos
Give Quiz Kudos
-
- Ratings
hide this ad
Replay
Link that replays current quiz
Next Quiz
Link to next quiz in quiz playlist
You Got
0%
They Got
Avg Score
55%
Avg Friend Score
Upgrade to see
Score Distribution
Jump to the score distribution portion of the page
Score
0/53
Timer
10:00
0
Plays Today
Position
Player
% Correct
WR
Calvin Johnson
96.2%
QB
Matthew Stafford
94%
DT
Ndamukong Suh
91.2%
RB
Jahvid Best
89.7%
WR
Nate Burleson
86.4%
T
Jeff Backus
84.4%
TE
Brandon Pettigrew
83.6%
DE
Cliff Avril
83.4%
WR
Titus Young
81.4%
DE
Willie Young
80.1%
QB
Shaun Hill
79.3%
DT
Sammie Hill
78.8%
S
Louis Delmas
78.3%
K
Jason Hanson
77.8%
DT
Nick Fairley
76.6%
QB
Drew Stanton
76.1%
TE
Tony Scheffler
73%
CB
Alphonso Smith
71.5%
LB
DeAndre Levy
70.8%
C
Dominic Raiola
70.5%
LB
Stephen Tulloch
70.5%
CB
Chris Houston
69.5%
T
Gosder Cherilus
68.8%
DT
Corey Williams
68.8%
RB
Keiland Williams
68.5%
G
Rob Sims
58.4%
LB
Justin Durant
55.4%
Position
Player
% Correct
G
Stephen Peterman
54.7%
S
Amari Spievey
52.1%
LB
Bobby Carpenter
51.4%
TE
Will Heller
51.4%
RB
Maurice Morris
50.6%
DE
Lawrence Jackson
48.1%
DB
Eric Wright
44.3%
CB
Aaron Berry
42.3%
T
Jason Fox
40.8%
WR
Stefan Logan
40.3%
P
Ryan Donahue
36%
DE
Kyle Vanden Bosch
35.5%
WR
Maurice Stovall
32.7%
DT
Andre Fluellen
31.2%
LB
Ashlee Palmer
29.2%
RB
Jerome Harrison
29%
LS
Don Muhlbach
28.2%
S
John Wendling
26.7%
LB
Doug Hogue
26.2%
WR
Rashied Davis
24.9%
T
Corey Hilliard
24.7%
C
Dylan Gandy
21.2%
S
Erik Coleman
20.7%
CB
Brandon McDonald
15.4%
LB
Isiah Ekejiuba
10.6%
OG
Jacques McClendon
6.5%
Quiz Playlist
Details
Report
Send in Message
Add To Playlist
Classic:
Type in answers that appear in a list
Quiz Source
Last Updated: Feb 16, 2017
Quiz Scoreboard
CHALLENGE
Sign Up to Join the Scoreboard
Show All
Scores
Hide
Comments
May contain spoilers
Recently Published
An Introduction to Baseball
by treessimontrees
Sports
5m
Movies - When Are They Set?
by FPL_Elf
Movies
5m
Popular People in 1961
by mucciniale
History
6m
More to Explore
Quiz From the Vault
Featured Blog Post
Where Did the Easter Bunny Come From?
hide this ad
You Might Also Like...
Tags
NFL Quiz
Detroit Lions
Today's Top Quizzes in Sports
Browse Sports
hide this ad
Today's Top Quizzes in NFL
Browse NFL
Top Contributed Quizzes in Sports
1
Les meilleurs buteurs des matchs entre le PSG et l’OM
2
2022 World Cup Stars
3
FIFA Club World Cup Champions
4
Les entraîneurs de l'OM et du PSG au 21e siècle
5
Name the Premier League winners with different clubs
6
La finale Lions - Afrique du Sud 2021
7
Les joueurs passés par le LOSC et le RC Lens
8
Criteria MLB: Left Handed Sluggers
9
Players with Multiple 50 Home Run Seasons
10
5-to-1: UK Sports Teams
Explore More
Trending Topics
Disney
Kpop
Crossword
Anime
Marvel
Harry Potter
NBA
Soccer
Pokémon
Country
WWE
Song
The Office
NFL
Puzzle
hide this ad
More By:
j_nasty_3000
Quiz
Plays
Rating
Category
Featured
Created
50 point games (2000s)
5,267
4.16
Sports
May 14, 2011
Most Home Runs at Old Yankee Stadium
4,311
4.29
Sports
Apr 22, 2011
MLB 2013: Home Game Attendance Minefield
2,871
2.71
Sports
Sep 29, 2013
Detroit Sports All Stars (2000-2014)
2,185
4.13
Sports
Jan 21, 2013
Who has more home runs? (active)
803
4.50
Sports
May 22, 2013
Go to Creator's Profile
Score Distribution
Quiz Creator Spotlight
j_nasty_3000
Follow
Send a Message
Quizzes Created
-
Created Quiz Play Count
-
More By This Creator
Popular Quizzes Today
1
Find the Countries of Europe - No Outlines Minefield
2
Find the US States - No Outlines Minefield
3
The Countries of the World
4
Popular People in 1961
5
US States
6
Find the US States
7
1-10 Letter E Words III
8
Risky Map Clicking: Biggest States A-Z
More Sports Quizzes
Baseball Hall of Famers (Clickable Mines)
Editor's Pick
Trending Quizzes
Risky Map Clicking: Least Populous States A-Z
1-10 Letter F Words
1-10 Letter G Words
One Thing in Common: United Kingdom
Not Quite an Element Typing Challenge
Recently Updated
Leaping Animals
pecheneg
Reality TV Shows (A-Z)
bhenderson79
Rickey Henderson's Hall of Fame Teammates
pecheneg
Champions League XIs: Arsenal
pecheneg
Quick Pick: Celebrities in WWE's Hall of Fame
aduchscher
A-Z Keypad Blitz II
pecheneg
Multiple Oscar Actors
pecheneg
Mystery Phrase Blitz: Oscar 'Best Actors'
pecheneg
F. Scott Fitzgerald Novels
LTH
Pick 3 Villains
ddd62291
Trending Topics
NBA
Crossword
Harry Potter
Kpop
Disney
Anime
Marvel
NFL
Puzzle
WWE
Soccer
Pokémon
Country
The Office
Song
Your Account Isn't Verified!
In order to create a playlist on Sporcle, you need to verify the email address you used during registration. Go to your
Sporcle Settings
to finish the process.
Report this User
Report this user for behavior that violates our
Community Guidelines
.
Details:
Send Report
Go to the Sporcle.com Mobile Site →
Comments